00632nam a22001937a 4500003000900000008004100009040007100050082001700121100002000138245005300158260002600211300002700237505008100264650001800345650001200363650001900375700002300394700002100417AR-CdUCM190530b ||||| |||| 00| 0 spa d aMUNICIPALIDAD PROVINCIAL DEL CUSCOcBIBLIOTECA MUNICIPAL DEL CUSCO a658.1 /bB23 aBarrios, Carlos aElaboración del plan operativo de la empresa / aLima :bLetra,c1982. a121 páginas ;c23 cm aContenido : Empresa del vestido Santa Ana -- Ingreso por ventas -- Costos... aOrientación aEmpresa aCapacitación aCarbonetto, Daniel aMartinez, Daniel